000 00860nas a2200301 4500
001 BR2011001919
003 BR-BrBNA
005 20231205114920.0
007 ta
008 230509b bl.|||p| |||| 00| 00por d
040 _aBR-BrBNA
_bpor
_cBiblioteca Nacional de Agricultura
041 _a(Pt)
072 _aF62
100 1 _aMüller, D.R.
100 1 _aBisognin, D.A.
100 1 _aMorin, G.R.
100 1 _aGnocato, F.S.
245 1 _aDormência e dominância apical de diferentes tamanhos de tubérculos de batata
650 _aBATATA
650 _aSEMENTE
650 _aTUBÉRCULO
650 _aDORMÊNCIA
650 _aARMAZENAMENTO
650 _aBROTAÇÃO
773 0 _tCiência Rural (Brazil)
_xISSN 0103-8478
_g(Dec 2010), v. 40(12) p. 2454-2459
_wBR2011001919
909 _a202311
_bLúcia
_c55
_dLúcia Elande
942 _2AGRIS
_n0
_cANA
999 _c211201
_d211201